000 00749nam a22001937a 4500
003 AM-YeHGA
040 _aAM-YeHGA
090 _c438298
005 20250617155614.0
008 190827b ||||| |||| 00| 0 rus d
041 0 _arus
245 0 0 _aСборник технических условий на кабельные изделия /
_cЦБТИ электропром-сти.
260 _aМосква :
_bЦБТИ,
_c1959-.
300 _aчасть
505 1 0 _gЧ. 2 (1959, 253 с., ил.)
650 1 4 _aКабельные изделия
_xТехнические условия
710 2 _aЦентральное бюро технической информации электропромышленности
942 _2udc
_cBK
999 _c435659
_d435659